[Event "9th Bangabandhu Team Mixed 2021"]
[Site "Dhaka"]
[Date "2021.04.08"]
[Round "5.11"]
[White "Asaduzzaman, Ahad"]
[Black "Subrota, Biswas"]
[Result "0-1"]
[WhiteElo "1742"]
[BlackElo "2256"]
[Annotator "TA"]
[PlyCount "146"]
[EventDate "2021.04.04"]
[EventType "team-tourn"]
[EventCountry "BAN"]
[SourceTitle "playchess.com"]
[Source "ChessBase"]
[SourceQuality "1"]

{[%evp 10,146,15,-9,-6,-15,0,-35,0,-34,-29,-34,-34,-43,-25,-66,-68,-118,75,75,116,99,100,104,143,91,166,158,178,179,180,171,210,189,185,152,177,140,137,109,122,115,100,-47,-48,-52,-7,-9,0,0,0,-8,-7,-19,0,-10,-8,-23,0,-24,0,-33,0,-20,-24,-16,-16,-25,-18,-35,-35,-85,-21,-91,-78,-85,-73,-78,-78,-78,-78,-78,-78,-78,-78,-78,-78,-80,-78,-78,-78,-78,-78,-78,-67,-67,-16,-25,0,-67,-67,-145,-145,-145,-145,-226,-226,-226,-145,-145,-67,-67,-68,-145,-67,-67,-67,-145,-145,-145,-145,-149,-81,-226,-24,-226,-24,-226,-226,-226,-226,-226,-226,-29974,-29975,-29978,-29980,-29980,-29980]} 1. Nc3 d5 2. d4 Nf6 3. Bg5 Bf5 4. e3 e6 5. Bd3 Bxd3 6. Qxd3 c5 {D01: Veresov Opening.} 7. Nf3 Nbd7 {[#]} 8. Ne5 $146 ({Predecessor:} 8. O-O Be7 9. dxc5 Nxc5 10. Qb5+ Qd7 11. Bxf6 gxf6 12. Qxd7+ Nxd7 13. e4 dxe4 14. Nxe4 {0-1 (52) Mallach,H (1829)-Solberg,K (2024) Germany 2007}) 8... Be7 {Black is slightly better.} 9. Bxf6 Bxf6 10. Nxd7 Qxd7 11. dxc5 Rc8 12. O-O Rxc5 13. Rad1 {White wants to play Ne4!} O-O $2 {[#]} (13... Qc6 $17 {[%cal Rf6c3]} 14. e4 Bxc3 15. bxc3 O-O 16. exd5 Rxd5) 14. Ne4 $1 $16 {[%cal Re4c5][%mdl 64] Pin} Rc7 (14... Rc6 15. Nxf6+) 15. Nxf6+ gxf6 16. e4 Kh8 17. exd5 (17. c3 $142) 17... exd5 (17... Qxd5 $16 {is a better defense.} 18. Qxd5 exd5) 18. c3 Rg8 19. Qf3 Rg6 20. Rxd5 Qa4 21. Rd8+ Kg7 22. Qd1 Qe4 {[%csl Gg6][%cal Re4g2]} 23. f3 Qe3+ 24. Kh1 Re7 25. Rd3 Qe2 {[%csl Gg6][%cal Re2g2]} 26. Rg1 (26. Rd2 $16 Qe5 27. c4) 26... Qxb2 $15 {White must now prevent ...Re2.} 27. Qd2 Qb5 28. h3 Qg5 29. f4 Qf5 30. Rd5 Qe4 31. Rd4 Qc6 (31... Qe2 {feels hotter.} 32. Qxe2 Rxe2 33. Rd7 Rxa2 34. Rxb7 a5) 32. Rd6 Qc4 $40 {[%mdl 128] Black attacks.} 33. Rd4 Qb5 34. Rd5 Qc4 35. Rd4 Qa6 36. Rd6 (36. f5 {keeps more tension.} Rg3 37. Re1 Rxe1+ 38. Qxe1 Rd3 39. Kh2) 36... Qe2 37. Qxe2 Rxe2 $11 {[%mdl 4096] Endgame KRR-KRR} 38. Rd7 Rb2 39. a4 Rg3 40. Rc7 f5 (40... a5 $17) 41. Rd1 (41. c4 $11 {remains equal.}) 41... Rbxg2 42. Rxb7 a6 43. Rb6 Ra2 44. Rg1 Rxg1+ 45. Kxg1 Rxa4 $17 {KR-KR} 46. Kg2 Rxf4 47. Rxa6 Rc4 48. Ra3 h5 49. Kg3 Kf6 50. Ra6+ Kg5 51. Ra3 Re4 52. Kf3 Kh4 (52... Rh4 $15 53. Kg2 Rc4) 53. Ra5 Kg5 54. Rc5 (54. Ra3 $1 $11) 54... Rf4+ $15 55. Kg3 (55. Kg2 $1 $15) 55... h4+ $17 56. Kg2 Ra4 $1 57. Rd5 (57. Rc7 $17 {was worth a try.}) 57... Ra2+ $1 $19 58. Kg1 Re2 59. c4 Re4 ({Black should try} 59... Re3 $17 60. Rd7 f6) 60. c5 $15 Rc4 61. Rd7 $1 Rxc5 (61... f6 $17 62. Rc7 Rc3) 62. Rxf7 Kf4 63. Rg7 (63. Kg2 $15) 63... Rc1+ 64. Kg2 Rc2+ 65. Kg1 Kf3 (65... Rc3 $142 {( -> ...Rg3+)} 66. Kh2 Ke3) 66. Rg5 (66. Rh7 $17 {only move.}) 66... Rc5 $2 (66... Rc1+ $19 67. Kh2 f4) 67. Kh2 $2 {[#]} (67. Rh5 $1 $11) 67... Re5 $2 ({Better is} 67... Ke3 $1 $19 68. Rh5 Rc2+ 69. Kg1 f4) 68. Kg1 $2 (68. Rh5 $11 {and White stays safe.}) 68... Re1+ $19 69. Kh2 f4 70. Rg4 Ke3 {...Re2+ is the strong threat.} 71. Rxh4 $2 (71. Rg6 $19) 71... f3 {Black mates.} 72. Rh8 {[#]} f2 $1 73. Re8+ Kd4 {What a bad dream for White.  Weighted Error Value: White=0.25/Black=0.24} 0-1